On A Map: Oceania Quiz Stats

Quiz Updated Sep 15, 2017

Also try: On A Map: Europe
Challenge
Share
Tweet
Score 0/14 Timer 03:00
1 Play Today
% Correct
Australia
94.6%
New Zealand
93.2%
Papua New Guinea
87.9%
Fiji
80.7%
Micronesia
79.8%
Marshall Islands
78%
Solomon Islands
76.3%
% Correct
Palau
75.5%
Samoa
74.4%
Tonga
73.2%
Vanuatu
72.7%
Nauru
71.1%
Kiribati
70.9%
Tuvalu
69.7%

You're not logged in!

Compare scores with friends on all Sporcle quizzes.
Sign Up with Email
OR
Log In

You Might Also Like...

Show Comments

Extras

Top Quizzes Today


Score Distribution

Your Account Isn't Verified!

In order to create a playlist on Sporcle, you need to verify the email address you used during registration. Go to your Sporcle Settings to finish the process.

Report this User

Report this user for behavior that violates our Community Guidelines.

Details: